Hodnotenie kvality služieb verejnej hormadnej dopravy na vybraných reláciách
Možnosti merania kvality služieb vo verejnej hromadnej doprave.
Salvato in:
| Autore principale: | |
|---|---|
| Altri autori: | , |
| Natura: | Capitolo di libro |
| Lingua: | slovacco |
| Soggetti: | |
| Tags: |
Nessun Tag, puoi essere il primo ad aggiungerne!!
|
MARC
| LEADER | 00000naa a2200000 4500 | ||
|---|---|---|---|
| 001 | 0189049 | ||
| 005 | 20231207075325.2 | ||
| 041 | 0 | |a slo | |
| 044 | |a SK | ||
| 245 | 1 | 0 | |a Hodnotenie kvality služieb verejnej hormadnej dopravy na vybraných reláciách |c Eva Nedeliaková, Jana Sekulová, Ivan Nedeliak |
| 520 | |a Možnosti merania kvality služieb vo verejnej hromadnej doprave. | ||
| 610 | 2 | 0 | |a doprava hromadná |
| 610 | 2 | 0 | |a doprava verejná |
| 610 | 2 | 0 | |a kvalita |
| 610 | 2 | 0 | |a meranie |
| 100 | 1 | |a Nedeliaková, Eva | |
| 700 | 1 | |a Sekulová, Jana | |
| 700 | 1 | |a Nedeliak, Ivan | |